000 00543nam a2200193Ia 4500
999 _c44782
_d44782
003 GCL
005 20240530104125.0
008 140319s9999 xx 000 0 ara d
040 _aGCL /
_cGCL
082 0 4 _a135.3
_bد م
245 1 0 _aمعانى الاحلام بين الوعى واللاوعى
250 _aالاولى
300 _a96 ص ؛
_c19 سم
490 _aأسرتى
_v0
650 0 4 _aالاحلام
650 0 4 _aالاحلام - الجوانب النفسية
650 0 4 _aالاحلام - معانى
942 _2ddc
_cBK